000 01659nam a2200265Ia 4500
999 _c56587
_d56587
001 23701
003 GE_BSU
005 20260326155742.0
008 181216s1982||||ge |||||||||||||| ||geo||
040 _cGE_BSU
041 _ageo
080 _a930(479.22)+ 34(479.22)(09) ჯ-14
100 _aჯავახიშვილი, ი. (ივანე, 1876-1940)
_911800
245 _aთხზულებანი : 12 ტომად. ტ. 6,
_bქართული სამართლის ისტორიის I წიგნი და II წიგნის I ნაკვ. /
_cივანე ჯავახიშვილი ; ტომის რედაქტორი ისიდორე დოლიძე ; საქართველოს სსრ მეცნიერებათა აკადემია, თბილისის სახელმწიფო უნივერსიტეტი.
264 _aთბილისი :
_bმეცნიერება,
_c1982.
300 _a463 გვ.;
_c 26 სმ.
504 _aბიბლიოგრ. ტექსტ. შენიშვნ. საძიებლ. გვ. 437-460
541 _h12 ლ.
653 _aთხზულებანი ტ. 6
653 _aქართული ისტორიოგრაფია
653 _aსაქართველოს ისტორია
653 _a ქართული სამართლის ისტორია
653 _aქართული სამართლის ისტორიის I წიგნი და II წიგნის I ნაკვ.
942 _cBK
_2udc